000 00665nam a2200217Ia 4500
001 15282
003 GE_BSU
008 181216s||||||||xx |||||||||||||| ||und||
040 _cGE_BSU
080 _a821.353.1-11
100 _aშანშიაშვილი,სანდრო
245 _aგიორგი სააკაძე.
245 _bდრამატიული პოემა
260 _aთბილისი
260 _bფედერაცია
260 _c1942
300 _a99გვ.17სმ.
653 _aგიორგი სააკაძე.
653 _aდრამატიული პოემა
942 _cBK
999 _c48392
_d48392